Không gia đình; T2 = Sans famille

Guardat en:
Dades bibliogràfiques
Autor principal: Hector Malot
Format: Llibre
Idioma:Undetermined
Publicat: Long An Thanh niên 1992
Matèries:
Etiquetes: Afegir etiqueta
Sense etiquetes, Sigues el primer a etiquetar aquest registre!
Thư viện lưu trữ: Trung tâm Học liệu Trường Đại học Cần Thơ
LEADER 00478nam a2200181Ia 4500
001 CTU_15422
008 210402s9999 xx 000 0 und d
082 |a 843.8 
082 |b M257/T2 
100 |a Hector Malot 
245 0 |a Không gia đình; T2 
245 0 |b = Sans famille 
245 0 |c Hector Malot, Hà Mai Anh 
260 |a Long An 
260 |b Thanh niên 
260 |c 1992 
650 |a french fiction 
980 |a Trung tâm Học liệu Trường Đại học Cần Thơ